Фитнес - силова тренировка (Запис номер 105808)
[ съкратено ]
| 000 -Лидер | |
|---|---|
| Контролно поле с фиксирана дължина | 02162nam a2200421 c 4500 |
| 003 - Код на организацията, давaща контролен номер | |
| Контролно поле | BLK |
| 005 - Дата и час на последна редакция | |
| Контролно поле | 20240103181029.0 |
| 008 - Елементи от данни с фиксирана дължина | |
| fixed length control field | 180409b bul|||||r ||||||| ||bul|| |
| 010 ## - Наследен системен номер | |
| LC control number | KNG00111046000 |
| 020 ## - Международен стандартен номер на книга ISBN | |
| Международен стандартен номер на книга ISBN | 954-8456-66-4 |
| -- | издат.: Унискорп |
| 040 ## - Източник на каталожния запис | |
| Идентификатор на билиотеката - собственик на записа | BLK |
| 041 ## - Код за език | |
| Код за езика на текст/звукозапис или на отделно заглавие | Български |
| Код за езика КДБФ | Български |
| 080 ## - УДК | |
| Текстов определител УДК | Гимнастика. Лека атлетика. Акробатика. Вж и 615.825.1; 791.86; 796.8; 796.91 ; Тежка атлетика вж 796.8 |
| УДК код - определител по УДК | 796.4 |
| УДК определител | (035) |
| УДК - код + определител | 796.4(035) |
| 080 ## - УДК | |
| Текстов определител УДК | Кинематика. Спортни движения. Моторика |
| УДК код - определител по УДК | 796.012 |
| УДК определител | .6(035) |
| УДК - код + определител | 796.012.6(035) |
| 080 ## - УДК | |
| Текстов определител УДК | Спортна борба. Тежка атлетика. Културизъм |
| УДК код - определител по УДК | 796.8 |
| УДК определител | (035) |
| УДК - код + определител | 796.8(035) |
| 080 ## - УДК | |
| Текстов определител УДК | Хигиенна гимнастика и физическа култура. Аеробика. Каланетика |
| УДК код - определител по УДК | 613.71 |
| УДК определител | (035) |
| УДК - код + определител | 613.71(035) |
| 100 1# - Редна дума - Автор | |
| Автор | Бьок-Беренс, Венд-Уве |
| Авторска отговорност | първи автор |
| R(LIN) | 44785 |
| 139 ## - Редно поле | |
| Редна дума | Бьок-Беренс, Венд-Уве |
| Авторски знак | Бьо - Б 95 |
| 245 10 - Сведения за заглавието | |
| Заглавие | Фитнес - силова тренировка |
| Подзаглавни данни | Най-добрите упражнения и методи за спорт и здраве |
| Редно поле (дума) | Венд-Уве Бьок-Беренс; съавт. Волфганг Бускис; прев. от нем. Петър Козлев. |
| 257 ## - Страна на издаване | |
| Страна на създаване/издаване | Германия |
| 260 ## - Област на издателските данни | |
| -- | София |
| Име на издателя, разпространителя и проч. | Унискорп |
| Година на издаване | 2003 |
| 300 ## - Физическа характеристика | |
| Страници | 464 с. |
| Илюстрации и др. | с ил., табл. |
| Размери/Мащаб | 21 см |
| 380 ## - Жанр | |
| Жанр | 793/799 Спорт |
| 500 ## - Общи забележки | |
| Забележка | Ориг. загл. Fitness-Krafttraining / Wend-Uwe Boeckh-Behrens, Wolfgang Buskies. |
| 650 #4 - Допълнително описание по предмет – тема | |
| Основно описание – тема или топоним | Гимнастика - наръчници и ръководства |
| 9 (RLIN) | 261513 |
| 650 #4 - Допълнително описание по предмет – тема | |
| Основно описание – тема или топоним | Физически упражнения |
| 9 (RLIN) | 262183 |
| 653 ## - Ключова дума – ненормативна | |
| Ключова дума | фитнес |
| 653 ## - Ключова дума – ненормативна | |
| Ключова дума | гимнастика |
| 653 ## - Ключова дума – ненормативна | |
| Ключова дума | ръководства |
| 700 1# - Други автори (авторска отговорност) | |
| Лично име | Бускис, Волфганг |
| Автороска отговорност (Описва отношението между автора и произведението) | съавт. |
| 9 (RLIN) | 44124 |
| 700 1# - Други автори (авторска отговорност) | |
| Лично име | Козлев, Петър |
| Автороска отговорност (Описва отношението между автора и произведението) | прев. от нем. |
| 9 (RLIN) | 310396 |
| 852 ## - Местоположение | |
| Форматна сигнатура | Цб 218077 |
| 856 4# - Електронен адрес и достъп | |
| Електронен формат | pdf - файл |
| Път до файла /url/ | |
| 856 4# - Електронен адрес и достъп | |
| Електронен формат | pdf - файл |
| Път до файла /url/ | |
| 942 ## - АРТИКУЛИ | |
| Вид на библиотечния материал | Книги |
| Скрит в OPAC | Не |
| Koha issues (borrowed), all copies | 8 |
| 944 ## - СЪЗДАВАНЕ И РЕДАКЦИЯ на ЗАПИСА | |
| Създаване/Редакция | Създаване |
| Дата на регистрацията/редакция | 16.02.2004 |
| Служител, извършил регистрацията/редакцията | 30531 |
| Статус, дата на статуса | Цветелина Шанова |
| 944 ## - СЪЗДАВАНЕ И РЕДАКЦИЯ на ЗАПИСА | |
| Създаване/Редакция | Редакция |
| Дата на регистрацията/редакция | 01.02.2013 |
| Служител, извършил регистрацията/редакцията | |
| 999 ## - СИСТЕМНИ КОНТРОЛНИ НОМЕРА | |
| Koha biblionumber | 105808 |
| Koha biblioitemnumber | 105808 |
| Код за отписване | Код за изгубен артикул | Източник на класификационната схема | Код за повреда | Коз за рестрикции | Код за отдаване | Артикулен № | Име на библиотеката - собственик | Име на библиотеката, в която се намира в момента | Статус (Текущо местоположение) | Дата на вписване в системата | Местоположение - отдел | Цена в лева | Инвентарен номер | Систематично азбучна сигнатура | Баркод | Номер на екземпляра | Цена в евро | Служебна бележка | Служебен тип на артикула |
|---|---|---|---|---|---|---|---|---|---|---|---|---|---|---|---|---|---|---|---|
| Не е изгубен | Universal Decimal Classification | Не е повреден | без рестрикции | ползва се в читалня | 170762 | Регионална библиотека "Любен Каравелов" Русе | Регионална библиотека "Любен Каравелов" Русе | Читалня | 2004-02-16 | Читалня | 15.00 | 120000682717 | Ч 796/799/Б 95 | 120000682717 | 1 | 7.67 | Дост: Pk Вид: Ф N: 8860 Дата: 11.02.2004 Дата инв: 20.03.2017 Бележки инв: Ч2017 | Книги | |
| Не е изгубен | Universal Decimal Classification | Не е повреден | без рестрикции | заемане за дома | 170763 | Регионална библиотека "Любен Каравелов" Русе | Регионална библиотека "Любен Каравелов" Русе | Заемна - подръчен фонд | 2004-04-23 | Заемна - подръчен фонд | 15.00 | 120000684801 | П 796.4/Б 95 | 120000684801 | 2 | 7.67 | Дост: Pk Вид: Ф N: 8870 Дата: 22.04.2004 Дата инв: 08.02.2018 Бележки инв: П2018 | Книги | |
| Не е изгубен | Не е повреден | без рестрикции | ползва се в читалня | 170764 | Регионална библиотека "Любен Каравелов" Русе | Регионална библиотека "Любен Каравелов" Русе | Хранилище | 2007-02-23 | Хранилище | 15.00 | 120000710207 | Цб 218077 | 120000710207 | 3 | 7.67 | Дост: Dp Вид: Д N: 19 Дата: 19.04.2006 | Книги |